[Event "South African op"]
[Site "Cape Town"]
[Date "2022.07.17"]
[Round "11"]
[White "Ressel, Tane"]
[Black "Goredema, Dione"]
[Result "0-1"]
[WhiteElo "1497"]
[BlackElo "1719"]
[PlyCount "160"]
[EventDate "2022.07.09"]
[EventType "swiss"]
[EventRounds "11"]
[EventCountry "RSA"]
[SourceTitle "CBM 209 Extra"]
[Source "ChessBase"]
[SourceDate "2022.09.30"]
[SourceVersion "1"]
[SourceVersionDate "2022.09.30"]
[SourceQuality "1"]

1. Nf3 d5 2. g3 Nf6 3. Bg2 Bf5 4. 0-0 e6 5. d3 h6 6. Nbd2 c6 7. Nh4 Bh7 8. e4 Nbd7 9. f4 dxe4 10. dxe4 Qb6+ 11. Kh1 Nc5 12. Qe2 Be7 13. e5 Nd5 14. c4 Bd3 15. Qg4 Bxf1 16. cxd5 Bxg2+ 17. Nxg2 Nd3 18. Ne4 Nf2+ 19. Nxf2 Qxf2 20. Be3 Qxb2 21. Rd1 cxd5 22. Qxg7 Rf8 23. f5 Qc2 24. Rf1 Qd3 25. Kg1 Kd7 26. f6 Ba3 27. Qg4 b5 28. Rd1 Qc4 29. Nf4 h5 30. Qh3 Kc7 31. Qxh5 Bc5 32. Qf3 Kb6 33. Ne2 Bxe3+ 34. Qxe3+ Qc5 35. Nd4 Rac8 36. Rb1 a6 37. a4 b4 38. a5+ Ka7 39. Rxb4 Qc1+ 40. Kf2 Qxe3+ 41. Kxe3 Rc5 42. g4 Rg8 43. Kf4 Rc4 44. Rxc4 dxc4 45. g5 c3 46. h4 Rd8 47. Nb3 c2 48. g6 fxg6 49. Kg5 Rd3 50. Nc1 Rd1 51. Nb3 Rb1 52. f7 Rxb3 53. f8Q c1Q+ 54. Kxg6 Rg3+ 55. Kh5 Qd1+ 56. Kh6 Qd2+ 57. Kh7 Qd7+ 58. Kh8 Rd3 59. h5 Qd8 60. Qxd8 Rxd8+ 61. Kg7 Rd5 62. Kf6 Rxa5 63. h6 Ra1 64. h7 Rh1 65. Kg7 Kb6 66. h8Q Rxh8 67. Kxh8 Kc5 68. Kg7 Kd4 69. Kf6 Kd5 70. Ke7 Kxe5 71. Kd7 a5 72. Kc6 a4 73. Kb5 a3 74. Kb6 a2 75. Kb5 a1Q 76. Kb4 Qc1 77. Kb3 Qc5 78. Kb2 Qc4 79. Ka1 Qb4 80. Ka2 Kd4 0-1

[Event "South African op"]
[Site "Cape Town"]
[Date "2022.07.11"]
[Round "5"]
[White "Ressel, Tane"]
[Black "Macheka, Clayton"]
[Result "0-1"]
[WhiteElo "1497"]
[BlackElo "1618"]
[PlyCount "72"]
[EventDate "2022.07.09"]
[EventType "swiss"]
[EventRounds "11"]
[EventCountry "RSA"]
[SourceTitle "CBM 209 Extra"]
[Source "ChessBase"]
[SourceDate "2022.09.30"]
[SourceVersion "1"]
[SourceVersionDate "2022.09.30"]
[SourceQuality "1"]

1. Nf3 Nf6 2. g3 g6 3. Bg2 Bg7 4. 0-0 c5 5. d3 d5 6. Nbd2 Nc6 7. e4 0-0 8. c3 e6 9. Qc2 b5 10. exd5 exd5 11. Nb3 c4 12. Nbd4 Nxd4 13. Nxd4 Qb6 14. h3 Bd7 15. Be3 Qb7 16. Qd2 cxd3 17. Qxd3 Ne4 18. Rad1 Rad8 19. a3 a6 20. Nb3 Bf5 21. g4 Nxf2 22. Qe2 Ne4 23. Qd3 Nf2 24. Qe2 Nxd1 25. gxf5 Nxe3 26. Qxe3 Rfe8 27. Qg3 Be5 28. Qh4 Bb8 29. f6 Qc7 30. Rf3 Re2 31. Kf1 Rde8 32. Nd4 Qc4 33. Kg1 Re1+ 34. Bf1 Qc7 35. Kf2 Qh2+ 36. Bg2 Qg1# 0-1

[Event "South African op"]
[Site "Cape Town"]
[Date "2022.07.09"]
[Round "2"]
[White "Snyckers, Frank A"]
[Black "Ressel, Tane"]
[Result "1-0"]
[WhiteElo "1797"]
[BlackElo "1497"]
[PlyCount "157"]
[EventDate "2022.07.09"]
[EventType "swiss"]
[EventRounds "11"]
[EventCountry "RSA"]
[SourceTitle "CBM 209 Extra"]
[Source "ChessBase"]
[SourceDate "2022.09.30"]
[SourceVersion "1"]
[SourceVersionDate "2022.09.30"]
[SourceQuality "1"]

1. d4 Nf6 2. c4 g6 3. Nc3 Bg7 4. e4 d6 5. Nf3 0-0 6. Be2 e5 7. 0-0 Nc6 8. d5 Ne7 9. b4 Nh5 10. Re1 Nf4 11. Bf1 a5 12. bxa5 Rxa5 13. a3 Bf6 14. Bb2 Bg4 15. h3 Bd7 16. Ne2 g5 17. Nxf4 gxf4 18. Be2 Kh8 19. Nh2 Rg8 20. Bg4 Ng6 21. Kh1 Ra8 22. Rc1 Bg5 23. Rc3 Rg7 24. Bxd7 Qxd7 25. Qg4 Qe7 26. Rec1 f3 27. Rg1 fxg2+ 28. Qxg2 Nf4 29. Qf1 Rag8 30. Rcg3 h5 31. Nf3 Qf6 32. Bc1 Bh4 33. Rxg7 Rxg7 34. Rxg7 Kxg7 35. Qg1+ Ng6 36. Qg2 Kh7 37. a4 Bxf2 38. Bg5 Nf4 39. Bxf6 Nxg2 40. Kxg2 Kg6 41. Kxf2 Kxf6 42. h4 Kg6 43. Ke3 f5 44. exf5+ Kxf5 45. Nh2 b6 46. Kf3 e4+ 47. Ke3 Ke5 48. Nf1 Kf5 49. Ng3+ Kg4 50. Nxe4 Kxh4 51. Kf3 Kh3 52. Ng3 Kh4 53. Kf4 Kh3 54. Nxh5 Kg2 55. Ke4 Kf2 56. Nf6 Ke2 57. Ne8 Kd2 58. Kd4 Kc2 59. Nxc7 Kb3 60. Nb5 Kxa4 61. Nxd6 Kb4 62. Nb5 Ka5 63. d6 Ka6 64. Kd5 Kb7 65. Ke6 Kc8 66. Ke7 Kb7 67. d7 Kc6 68. d8Q Kc5 69. Qd6+ Kxc4 70. Qxb6 Kd5 71. Nd4 Kc4 72. Kd6 Kd3 73. Kd5 Kc3 74. Qb3+ Kd2 75. Ke4 Ke1 76. Ke3 Kf1 77. Qc2 Kg1 78. Nf3+ Kh1 79. Qh2# 1-0